000 00297nam a22001337a 4500
008 170323b xxu||||| |||| 00| 0 eng d
020 _a9780316770675
041 _aeng
080 _22ND
_a616.9
100 _a8
101 _aSHM
245 _aTHE AIDS KNOWLEDGE BASE
_cCOHEN, P.T
942 _2udc
_cBK
999 _c8520
_d8520